| 000 | 00447nam a22001697a 4500 | ||
|---|---|---|---|
| 999 |
_c6402 _d6400 |
||
| 005 | 20210904103840.0 | ||
| 008 | 200521b xxu||||| |||| 00| 0 eng d | ||
| 020 | _a9789380607863 | ||
| 041 | _aeng | ||
| 082 | _a954.0072 BHA | ||
| 100 |
_aBhattachary Sabyasachi _95715 |
||
| 245 | _aApproaches to History essays in Indian Historiography | ||
| 260 |
_aDelhi _bICHR Primus Books _c2011 |
||
| 300 | _a966p. | ||
| 650 |
_aHistory _95708 |
||
| 942 | _cBK | ||